Distillation columns /

Bibliographic Details
Main Author: Nisenfeld, A. Eli
Other Authors: Seemann, Richard C.
Format: Book
Language:English
Published: Research Triangle Park, NC : Instrument Society of America, [1981]
Series:Monograph series (Instrument Society of America) ; 2.
Subjects:

MARC

Tag First Indicator Second Indicator Subfields
LEADER 00000cam a2200000 a 4500
001 in00000086099
005 20151008064445.0
008 811014s1981 ncua b 00110 eng
010 |a  80085271  
020 |z 0877645007 
035 |a (OCoLC)07924024 
035 |9 AAK4210AM 
039 0 |a 2  |b 3  |c 3  |d 3  |e 3 
040 |a DLC  |c DLC  |d TXA  |d UtOrBLW 
049 |a TXAM  |c [1442713] 
050 0 0 |a TP159.D5  |b N57 
082 0 |a 660.2/8425/028  |2 19 
100 1 |a Nisenfeld, A. Eli. 
245 1 0 |a Distillation columns /  |c A. Eli Nisenfeld, Richard C. Seemann. 
264 1 |a Research Triangle Park, NC :  |b Instrument Society of America,  |c [1981] 
264 4 |c ©1981 
300 |a xviii, 238 pages :  |b illustrations ;  |c 25 cm. 
336 |a text  |b txt  |2 rdacontent 
337 |a unmediated  |b n  |2 rdamedia 
338 |a volume  |b nc  |2 rdacarrier 
490 1 |a Monograph series / Instrument Society of America ;  |v 2 
500 |a Includes index. 
504 |a Bibliography: pages 229-236. 
650 0 |a Distillation apparatus. 
700 1 |a Seemann, Richard C. 
830 0 |a Monograph series (Instrument Society of America) ;  |v 2. 
999 |a MARS 
999 f f |s 1e40ca86-05de-35a5-912d-846cba7631b4  |i c8c0e7f4-012b-300b-8f1f-013ce100e338  |t 0 
952 f f |p ric  |a Texas A&M University  |b Rellis Campus  |c Joint Library Facility  |d Remote Storage  |t 0  |e TP159.D5 N57  |h Library of Congress classification  |i unmediated -- volume  |m A14806256355 
998 f f |a TP159.D5 N57  |t 0  |l Remote Storage